Nazionali che non hanno mai vinto gli Europei - Statistics

Statistiche generali
  • Questo quiz è stato fatto 37 volte
  • Il punteggio medio è 21 su 26
Statistiche sulle risposte
Partecipazioni Nazionale % Corretto
7 Belgio
94%
1 Finlandia
94%
1 Norvegia
94%
7 Svezia
94%
3 Irlanda
91%
6 Romania
88%
6 Svizzera
88%
4 Austria
85%
2 Bulgaria
85%
6 Jugoslavia / Serbia
85%
3 Slovacchia
85%
2 Albania
82%
5 Polonia
82%
4 Scozia
82%
2 Slovenia
82%
6 Turchia
82%
5 Ungheria
82%
1 Islanda
79%
11 Inghilterra
76%
4 Ucraina
76%
7 Croazia
74%
1 Lettonia
74%
2 Galles
71%
1 Irlanda del Nord
62%
1 Georgia
56%
1 Macedonia del Nord
56%
Nessun quiz corrispondente trovato
Distribuzione punteggi
Percentuale di utenti per punteggio
Percentile per numero di risposta
I tuoi punteggi nel tempo
Non hai fatto questo quiz